MyGZULibrary

Pfumo reropa / (Record no. 702)

MARC details
000 -LEADER
fixed length control field 00665cam a2200217 i 4500
001 - CONTROL NUMBER
control field 3205480
003 - CONTROL NUMBER IDENTIFIER
control field GZU
005 - DATE AND TIME OF LATEST TRANSACTION
control field 20200910152120.0
008 - FIXED-LENGTH DATA ELEMENTS--GENERAL INFORMATION
fixed length control field 780308s1961 rh 000 1 sna
010 ## - LIBRARY OF CONGRESS CONTROL NUMBER
LC control number 77569836
020 ## - INTERNATIONAL STANDARD BOOK NUMBER
International Standard Book Number 0582612322
040 ## - CATALOGING SOURCE
Original cataloging agency DLC
Transcribing agency DLC
Modifying agency DLC
050 00 - LIBRARY OF CONGRESS CALL NUMBER
Classification number PL8681.9.CHA
Item number 1974
100 1# - MAIN ENTRY--PERSONAL NAME
Personal name Chakaipa, Patrick.
Relator term author
245 10 - TITLE STATEMENT
Title Pfumo reropa /
Statement of responsibility, etc. na Patrick Chakaipa.
260 ## - PUBLICATION, DISTRIBUTION, ETC.
Place of publication, distribution, etc. Salisbury :
Name of publisher, distributor, etc. Longman Rhodesia,
Date of publication, distribution, etc. 1961, 1974 printing.
300 ## - PHYSICAL DESCRIPTION
Extent 110 p. ;
Dimensions 19 cm.
500 ## - GENERAL NOTE
General note Mamwe mabhuku omunyori uyu<br/>Karikoga gumiremuseve; Rudo ibofu
906 ## - LOCAL DATA ELEMENT F, LDF (RLIN)
a 7
b cbc
c orignew
d 4
e ncip
f 19
g y-gencatlg
942 ## - ADDED ENTRY ELEMENTS (KOHA)
Source of classification or shelving scheme Library of Congress Classification
Koha item type Books
Classification part 8681.9
Item part CHA
Call number prefix PL
Holdings
Withdrawn status Lost status Source of classification or shelving scheme Damaged status Not for loan Collection code Home library Current library Shelving location Date acquired Total Checkouts Total Renewals Full call number Barcode Date last seen Date last checked out Copy number Price effective from Koha item type
    Library of Congress Classification     Fiction City Campus Library City Campus Library General Stacks 04/28/2014 6 1 PL8681 CHA 1961 003166 04/23/2026 04/14/2026 c. 1 09/10/2020 Books
          Fiction City Campus Library City Campus Library General Stacks 04/12/2021 1   PL8681 CHA 1961 003164 11/25/2022 11/18/2022 c.2 04/12/2021 Books